Песнь о Роланде: Героический эпос; пер. со старофр.

ग्रंथसूची विवरण
भाषा:रूसी
प्रकाशित: Москва, Государственное издательство художественной литературы, 1958
विषय:
स्वरूप: पुस्तक
KOHA link:https://koha.lib.tpu.ru/cgi-bin/koha/opac-detail.pl?biblionumber=128985

MARC

LEADER 00000nam0a2200000 4500
001 128985
005 20240805165331.0
035 |a (RuTPU)RU\TPU\book\139580 
035 |a RU\TPU\book\109183 
090 |a 128985 
100 |a 20080117d1958 m y0rusy50 ca 
101 1 |a rus  |c fre 
102 |a RU 
105 |a a z 000ay 
200 1 |a Песнь о Роланде  |e Героический эпос  |e пер. со старофр. 
210 |a Москва  |c Государственное издательство художественной литературы  |d 1958 
215 |a 269 с.  |c ил. 
606 1 |a Французская литература  |x Произведения  |9 81252 
610 1 |a эпос 
610 1 |a средневековье 
675 |a 84  |v 4 
801 0 |a RU  |b 63413507  |c 20011209  |g PSBO 
801 2 |a RU  |b 63413507  |c 20080125  |g PSBO 
942 |c BK